000
00321nam a2200133Ia 4500
005
20251222143247.0
008
251222s9999||||xx |||||||||||||| ||spa||
020
_a
84-301-0917-X
082
_a
230.9/B61
100
_a
Blázquez, Ricardo
245
0
_a
Jesús si la Iglesia también:
264
_b
Sígueme
942
_c
LIB
999
_c
14811
_d
14811